000 00427nam a2200181Ia 4500
008 100917s9999 xx 000 0 und d
082 _b5658
100 _aदेसाई रणजित
245 _aबारी
260 _b---
_c1959
300 _a224
365 _b5
520 _aकादंबरी
630 _aबारी
650 _aकादंबरी
730 _aबारी
942 _cBOOK
999 _c611052
_d611049